Migrants: suitable brokers of development? /
Salvato in:
| Autore principale: | |
|---|---|
| Altri autori: | |
| Natura: | testo |
| Tags: |
Aggiungi Tag
Nessun Tag, puoi essere il primo ad aggiungerne!!
|
MARC
| LEADER | 00000 a a2200000 04500 | ||
|---|---|---|---|
| 001 | 48532 | ||
| 003 | |||
| 040 | |||
| 100 | |a Smith, Lothar | ||
| 245 | |a Migrants: |b suitable brokers of development? / |c Lothar Smith, Ton van Naerssen | ||
| 700 | |a Naerssen, Ton van | ||
| 773 | |a volumen11, número2, (2009), páginas 19-21 : foto | ||
| 999 | |c 32511 |d 32511 | ||
